000 00716nam a2200241Ia 4500
003 OSt
005 20220923210952.0
006 a|||||r|||| 00| 0
007 ta
008 Pun
020 _a812602861X (hbk)
024 _a235,081
037 _cTextual
040 _aARTS
_cARTS
_bPun
041 _2Pun
_aPun
082 _aO155,6M56x, 153N9
100 _aਪ੍ਰਧਾਨ, ਗ ਪ੍ਰ, ਥਦ.
_9156668
245 0 _aਆਗਰਕਰ ਲੇਖ ਸੰਗ੍ਰਹਿ
260 _aਦਿੱਲੀ
_b ਸਾਹਿਤ ਅਕਾਦੇਮੀ
_c1999
300 _a468ਪੰ
_ccm.
942 _hO155,6M56x, 153N9
_cTEXL
_2CC
999 _c293292
_d293292